MDQL
is popping MORE tags! Check the
thread
!
Quizzes
Events
Quiz Creation
Community
Videos
Private Events
Remove Ads
Sign In
Join for FREE
Feedback
Dark Mode
Quiz Categories
Sports
Geography
Music
Movies
Television
Just For Fun
Miscellaneous
History
Literature
Language
Science
Gaming
Entertainment
Religion
Holiday
For Kids
Quiz Lab
Recent
Popular Today
Quiz Kudos Today
Editor Picks
Curator Picks
Quizzes by...
Day
Popularity
Type
Ratings
Length
Year
Community
Subscriptions
Recent Discussions
Orange Saloon
Badges
Playlists
Quests
Create
Leaderboards
Showdown
Live 5
Trivia Bingo
Activity
Puzzle Library
Sporcle Events
Private Events
Virtual Trivia
Globe League
Become a Host
Pub Owners
SporcleCon
Opinionation
Our Games
Videos
Blog
Mobile Apps
Partnerships
Remove Ads and Go Orange
Feedback
Sports
Athletes
MLB
NBA
NHL
NFL
Soccer
Sports Teams
WWE
NCAA
Football
Premier League
Basketball
Baseball
Hockey
Golf
Tennis
Cricket
Rugby
Auto Racing
Olympics
World Cup
Sports
Athletes
MLB
NBA
NHL
NFL
Soccer
Sports Teams
WWE
NCAA
Football
Premier League
Basketball
Baseball
Hockey
Golf
Tennis
Cricket
Rugby
Auto Racing
Olympics
World Cup
Random Quiz
Search Sporcle
×
Quiz Lab
Quiz Lab
Sports
Hockey
Type in answers that appear in a list
Type in answers that appear in a list
Classic
Best Score? Go Orange.
Team Canada Stats
Can you name the Team Canada Hockey Rosters?
By
flyswede
20m
76 Questions
371 Plays
371 Plays
371 Plays
Comments
Comments
Give Quiz Kudos
Give Quiz Kudos
-
- Ratings
hide this ad
Replay
Link that replays current quiz
Next Quiz
Link to next quiz in quiz playlist
You Got
0%
They Got
Avg Score
64%
Avg Friend Score
Upgrade to see
Score Distribution
Jump to the score distribution portion of the page
Score
0/76
Timer
20:00
0
Plays Today
1996 - 2010
Team Canada Hockey Rosters
% Correct
1996 WC, 1998, 2002, 2004 WC, 2006, 2010
Martin Brodeur
96.8%
2002, 2004 WC, 2006, 2010
Jarome Iginla
94.3%
2010
Sidney Crosby
94.3%
1996 WC, 1998, 2002, 2004 WC, 2006
Joe Sakic
92.2%
2004 WC, 2006, 2010
Joe Thornton
91.4%
1998, 2002, 2004 WC, 2006, 2010
Chris Pronger
90%
1996 WC, 2002, 2004 WC, 2006, 2010
Scott Niedermayer
89.2%
2010
Jonathan Toews
88.9%
2004 WC, 2006, 2010
Dany Heatley
88.1%
2006, 2010
Eric Staal
87.3%
2006, 2010
Rick Nash
86.8%
2004 WC, 2010
Patrick Marleau
86.8%
1996 WC, 1998, 2002, 2004 WC
Steve Yzerman
86.3%
2004 WC, 2006, 2010
Roberto Luongo
85.7%
2010
Mike Richards
85.4%
2004 WC, 2006
Brad Richards
84.9%
2010
Ryan Getzlaf
83.8%
2010
Marc-Andre Fleury
83.6%
2010
Duncan Keith
83.6%
2010
Corey Perry
83%
1996 WC, 1998, 2002
Theoren Fleury
82.7%
2010
Brent Seabrook
81.9%
2004 WC, 2006
Shane Doan
81.4%
2010
Shea Weber
80.3%
1996 WC, 1998
Wayne Gretzky
80.1%
2010
Drew Doughty
79.5%
2004 WC, 2006
Vincent Lecavalier
79.5%
1996 WC, 1998, 2002, 2004 WC, 2006
Rob Blake
78.4%
1996 WC, 1998, 2002, 2004 WC, 2006
Adam Foote
77.9%
1996 WC, 1998, 2002, 2004 WC, 2006
Ryan Smyth
77.4%
2006, 2010
Brendan Morrow
77.1%
2010
Patrice Bergeron
76.5%
2006, 2010
Dan Boyle
76.3%
1996 WC
Claude Lemieux
74.9%
2002, 2004 WC
Mario Lemieux
74.9%
1996 WC, 1998, 2002
Eric Lindros
71.2%
1996 WC, 2002, 2004 WC, 2006
Ed Jovanovski
71.2%
2002, 2004 WC, 2006
Simon Gagne
66.6%
1996 - 2010
Team Canada Hockey Rosters
% Correct
1996 WC, 1998, 2002
Brendan Shanahan
66.3%
2006
Jason Spezza
65.5%
2004 WC, 2006
Wade Redden
63.9%
1998
Raymond Bourque
63.9%
1998, 2002
Paul Kariya
62.5%
1998
Patrick Roy
61.7%
2004 WC, 2006
Kris Draper
61.5%
1996 WC
Mark Messier
59.6%
1996 WC, 1998
Scott Stevens
59.3%
2006
Todd Bertuzzi
57.7%
1998, 2002
Al MacInnis
57.7%
2004 WC, 2006
Jay Bouwmeester
56.9%
2004 WC, 2006
Robyn Regehr
55.3%
1996 WC, 1998, 2002
Curtis Joseph
55.3%
2002
Owen Nolan
53.9%
1996 WC, 1998
Rod Brind'Amour
53.6%
1998, 2002
Joe Nieuwendyk
53.4%
2002, 2004 WC
Ed Belfour
52%
2006
Marty Turco
51.2%
1996 WC, 1998
Trevor Linden
50.9%
2006
Bryan McCabe
50.4%
1996 WC
Paul Coffey
46.1%
2002, 2004 WC
Eric Brewer
43.9%
1996 WC, 1998
Keith Primeau
39.9%
1996 WC, 1998
Eric Desjardins
39.6%
2004
Kirk Maltby
39.6%
2002
Michael Peca
38.5%
1998
Rob Zamuner
38%
1996 WC
Vincent Damphousse
37.7%
1998
Shayne Corson
35.8%
2004
Jose Theodore
33.4%
2004 WC, 2006
Martin St. Louis
33.2%
2004
Scott Hannan
25.3%
1996 WC
Pat Verbeek
24.8%
1996 WC
Adam Graves
23.5%
1996 WC
Bill Ranford
22.4%
1996 WC
Lyle Odelein
19.4%
1996 WC
Sylvain Cote
14.6%
Quiz Playlist
Details
Report
Send in Message
Add To Playlist
Classic:
Type in answers that appear in a list
Quiz Source
Last Updated: Feb 16, 2017
Quiz Scoreboard
CHALLENGE
Sign Up to Join the Scoreboard
Show All
Scores
Hide
Comments
May contain spoilers
Recently Published
Two Season TV Shows II
by 123Four
Television
10m
Image Sorting: Flags VI
by Barbecue
Geography
2m
Find the 'City' Movie
by crazypaving
Movies
60s
More to Explore
Quiz From the Vault
Featured Blog Post
14 Easter Pick-up Lines to Find Eggs With
hide this ad
You Might Also Like...
Tags
Canada Quiz
Hockey Quiz
1996
2010
Roster
team
Today's Top Quizzes in Sports
Browse Sports
hide this ad
Today's Top Quizzes in Hockey
Browse Hockey
Top Contributed Quizzes in Sports
1
Les meilleurs buteurs des matchs entre le PSG et l’OM
2
Les entraîneurs de l'OM et du PSG au 21e siècle
3
2022 World Cup Stars
4
Les joueurs passés par le PSG et l'OM
5
Players with Multiple 50 Home Run Seasons
6
Criteria MLB: Left Handed Sluggers
7
FIFA Club World Cup Champions
8
Les joueurs passés par le LOSC et le RC Lens
9
NBA Logic Puzzle 2.0
10
Top 10 NHL Goal Scorers of All Time
Explore More
Trending Topics
NBA
Marvel
Anime
Kpop
Harry Potter
Crossword
Disney
Puzzle
NFL
WWE
Song
Country
The Office
Soccer
Pokémon
hide this ad
More By:
flyswede
Quiz
Plays
Rating
Category
Featured
Created
Team Canada
371
5.00
Sports
Dec 31, 2009
Team USA Hockey players
362
3.50
Sports
Dec 31, 2009
third watch characters
186
5.00
Television
Jan 6, 2010
401 (Canada longest Highway) Exits
176
2.00
Geography
Jan 10, 2010
which channels CTV Globemedia owns
29
Television
Jan 11, 2010
Go to Creator's Profile
Score Distribution
Quiz Creator Spotlight
flyswede
Follow
Send a Message
Quizzes Created
-
Created Quiz Play Count
-
More By This Creator
Popular Quizzes Today
1
Colored Red Africa Blitz
2
Find the US States - No Outlines Minefield
3
Find the 'City' Movie
4
5x2 Blitz: Bands
5
The Countries of the World
6
Find the US States
7
Find the Countries of Europe - No Outlines Minefield
8
US States
More Sports Quizzes
MLB 1977 TOP 20 batting leaders
Quiz Lab
Trending Quizzes
Colored Red Europe Blitz I
Colored Red Africa Blitz II
Colored Red Europe Blitz II
Colored Red Africa Blitz III
Colored Red Europe Blitz III
Recently Updated
How Do You Spell That?
pecheneg
Godzilla Movies
pecheneg
Grab Bag: 4-10 Letters
pecheneg
2024 March Madness Bracket
pecheneg
Famous TV Couples
Peacemaker
Champions League XIs: Real Madrid
pecheneg
Largest US Cities 1790-2010
pecheneg
Rides in Walt Disney World
pecheneg
Most Oscar Losses (Acting)
pecheneg
Beyoncé Albums
pecheneg
Trending Topics
Anime
Disney
Harry Potter
Kpop
Crossword
Marvel
NBA
Song
Puzzle
The Office
NFL
Country
Soccer
WWE
Pokémon
Your Account Isn't Verified!
In order to create a playlist on Sporcle, you need to verify the email address you used during registration. Go to your
Sporcle Settings
to finish the process.
Report this User
Report this user for behavior that violates our
Community Guidelines
.
Details:
Send Report
Go to the Sporcle.com Mobile Site →
Comments